[Event "Sant Boi de Llobregat op 4th"]
[Site "Sant Boi de Llobregat"]
[Date "2023.12.02"]
[Round "3"]
[White "Madaminov, Mukhiddin"]
[Black "Gombocz, Ferenc Jr"]
[Result "1-0"]
[WhiteElo "2494"]
[BlackElo "2330"]
[PlyCount "119"]
[EventDate "2023.11.30"]
[EventType "swiss"]
[EventRounds "9"]
[EventCountry "ESP"]
[SourceTitle "CB50_2023"]
[SourceDate "2023.12.13"]
[SourceVersion "1"]
[SourceVersionDate "2023.12.13"]
[SourceQuality "1"]

1. e4 e5 2. Nf3 Nc6 3. Bb5 g6 4. 0-0 Bg7 5. c3 a6 6. Ba4 d6 7. d4 Bd7 8. h3 Nf6 9. Re1 0-0 10. Bc2 Re8 11. Nbd2 Qe7 12. Nf1 Qf8 13. Ng3 Rad8 14. d5 Ne7 15. c4 Bh6 16. b4 Bxc1 17. Rxc1 c6 18. Bb3 cxd5 19. exd5 b5 20. c5 dxc5 21. Rxc5 Nexd5 22. Rxd5 Nxd5 23. Qxd5 Be6 24. Qc5 Bxb3 25. axb3 Qxc5 26. bxc5 f5 27. Ne2 b4 28. Ra1 Re6 29. Ra4 Rb8 30. c6 Rxc6 31. Nxe5 Rd6 32. Nf4 Rb5 33. Nc4 Rd1+ 34. Kh2 Rb1 35. Rxa6 Rb8 36. Ra7 Rxb3 37. Nd5 Rf8 38. Ne5 Ra3 39. Rb7 Ra6 40. Nxb4 Rd6 41. Nbc6 f4 42. h4 Re6 43. Rc7 Rff6 44. Kh3 Kh8 45. Kg4 Rf5 46. Nxg6+ hxg6 47. Nd4 Ref6 48. Nxf5 Rxf5 49. f3 Kg8 50. Rc4 Kg7 51. Rxf4 Rc5 52. g3 Rd5 53. Re4 Kf6 54. f4 Ra5 55. Re5 Ra3 56. h5 gxh5+ 57. Rxh5 Kg6 58. Rb5 Ra6 59. f5+ Kf6 60. Rb4 1-0

[Event "Arad op 16th"]
[Site "Arad"]
[Date "2023.08.09"]
[Round "4"]
[White "Kantor, Gergely"]
[Black "Gombocz, Ferenc Jr"]
[Result "1-0"]
[WhiteElo "2527"]
[BlackElo "2324"]
[PlyCount "51"]
[EventDate "2023.08.07"]
[EventType "swiss"]
[EventRounds "9"]
[EventCountry "ROU"]
[SourceTitle "EXT 2024"]
[Source "ChessBase"]
[SourceDate "2023.10.10"]
[SourceVersion "1"]
[SourceVersionDate "2023.10.10"]
[SourceQuality "1"]

1. d4 d5 2. c4 c6 3. Nf3 Nf6 4. Nc3 a6 5. c5 Bf5 6. Qb3 Ra7 7. Nh4 Be4 8. f3 Bg6 9. Bg5 Nbd7 10. e4 dxe4 11. Nxg6 hxg6 12. fxe4 Qc7 13. e5 Nxc5 14. dxc5 Qxe5+ 15. Be2 Qxg5 16. Qb6 Ra8 17. Qxb7 Rd8 18. Qxc6+ Rd7 19. Rd1 e6 20. Qc8+ Ke7 21. Rxd7+ Nxd7 22. c6 Qc1+ 23. Nd1 Kf6 24. 0-0+ Kg5 25. Qxd7 Bc5+ 26. Kh1 1-0

[Event "Titled Tuesday intern op 01st Aug Early"]
[Site "Chess.com INT"]
[Date "2023.08.01"]
[Round "10"]
[White "Gombocz, Ferenc Jr"]
[Black "Shubenkova, Veronika"]
[Result "1/2-1/2"]
[WhiteElo "2324"]
[BlackElo "2050"]
[PlyCount "192"]
[EventDate "2023.08.01"]
[EventType "swiss (blitz)"]
[EventRounds "11"]
[EventCountry "USA"]
[SourceTitle "EXT 2024"]
[Source "ChessBase"]
[SourceDate "2023.10.10"]
[SourceVersion "1"]
[SourceVersionDate "2023.10.10"]
[SourceQuality "1"]

1. d4 d5 2. Nf3 e6 3. Bf4 Bd6 4. Bg3 f5 5. e3 Nf6 6. Nbd2 0-0 7. c4 c6 8. c5 Bc7 9. Bd3 Nbd7 10. 0-0 Ne4 11. Bxe4 fxe4 12. Ng5 Bxg3 13. Nxe6 Bxh2+ 14. Kxh2 Qh4+ 15. Kg1 Rf6 16. Nf4 Rh6 17. f3 g5 18. Nh3 Nf6 19. Qe1 Qh5 20. Qg3 Bxh3 21. Qxh3 Qxh3 22. gxh3 Rxh3 23. Kg2 Rh4 24. fxe4 Nxe4 25. Nxe4 Rxe4 26. Rf3 Rae8 27. Kf2 h5 28. Rh1 h4 29. Rf5 Rxe3 30. Rxg5+ Kf7 31. Rxh4 Re2+ 32. Kf1 Kf6 33. Rg3 Re1+ 34. Kf2 R8e2+ 35. Kf3 Re3+ 36. Kf2 R1e2+ 37. Kf1 Rxg3 38. Kxe2 Rg2+ 39. Kd3 Rxb2 40. Rh7 a5 41. Kc3 Rb5 42. Rh8 Rb4 43. Ra8 Rc4+ 44. Kd3 Ra4 45. Ra7 Ra3+ 46. Kc2 Rxa2+ 47. Kb3 Ra1 48. Kc3 Ra3+ 49. Kb2 Ra4 50. Kc3 Rc4+ 51. Kd3 Rb4 52. Rxa5 Kf5 53. Ra8 Rb3+ 54. Kc2 Rb5 55. Re8 Kf6 56. Kc3 Kf7 57. Re1 Kf8 58. Rf1+ Ke7 59. Re1+ Kd7 60. Rh1 Kc7 61. Rh7+ Kb8 62. Rh8+ Ka7 63. Rh1 Ra5 64. Kb4 Ra2 65. Kc3 Ra4 66. Rb1 Rc4+ 67. Kd3 Ra4 68. Kc3 b5 69. cxb6+ Kb7 70. Kd3 Ra6 71. Rg1 Kxb6 72. Rb1+ Kc7 73. Rb2 Ra3+ 74. Kd2 Rh3 75. Rb1 Kd6 76. Rc1 Ra3 77. Rc2 Ra5 78. Kd3 c5 79. dxc5+ Rxc5 80. Rxc5 Kxc5 81. Kc3 Kc6 82. Kd4 Kd6 83. Kd3 Ke5 84. Ke3 d4+ 85. Kd3 Kd5 86. Kd2 Kd6 87. Kd3 Kc5 88. Kd2 Kc4 89. Kc2 d3+ 90. Kd2 Kd4 91. Kd1 Ke3 92. Ke1 Ke4 93. Kd2 Kd4 94. Kd1 Kc3 95. Kc1 Kc4 96. Kd2 Kd4 1/2-1/2

[Event "Titled Tuesday intern op 04th Jul Late"]
[Site "Chess.com INT"]
[Date "2023.07.04"]
[Round "2"]
[White "Jaracz, Pawel"]
[Black "Gombocz, Ferenc Jr"]
[Result "1-0"]
[WhiteElo "2472"]
[BlackElo "2324"]
[PlyCount "75"]
[EventDate "2023.07.04"]
[EventType "swiss (blitz)"]
[EventRounds "11"]
[EventCountry "USA"]
[SourceTitle "EXT 2024"]
[Source "ChessBase"]
[SourceDate "2023.10.10"]
[SourceVersion "1"]
[SourceVersionDate "2023.10.10"]
[SourceQuality "1"]

1. d4 d5 2. c4 c6 3. e3 Nf6 4. Nc3 a6 5. b3 Bf5 6. Nge2 Nbd7 7. Nf4 e6 8. Be2 Bb4 9. Bd2 Ba3 10. Bd3 Bxd3 11. Nxd3 Bd6 12. 0-0 0-0 13. c5 Bc7 14. f4 Ne4 15. Nxe4 dxe4 16. Nb2 f5 17. g4 b6 18. cxb6 Bxb6 19. b4 Nf6 20. gxf5 exf5 21. Rc1 Rc8 22. Nc4 Nd5 23. Qa4 Rf6 24. Ne5 Rh6 25. Rf2 Bxd4 26. Nxc6 Rcxc6 27. Rxc6 Qe8 28. Rxa6 Qxa4 29. Rxa4 Nxe3 30. b5 Nc2 31. Rxd4 Nxd4 32. a4 Nf3+ 33. Kf1 Nxh2+ 34. Ke2 Nf3 35. Be3 Rh1 36. Bd2 Rb1 37. Ba5 Kf7 38. b6 1-0

[Event "Budapest FS05 GM"]
[Site "Budapest"]
[Date "2023.05.09"]
[Round "4"]
[White "Neverov, Valeriy"]
[Black "Gombocz, Ferenc Jr"]
[Result "1-0"]
[WhiteElo "2427"]
[BlackElo "2321"]
[PlyCount "93"]
[EventDate "2023.05.06"]
[EventType "tourn"]
[EventRounds "9"]
[EventCountry "HUN"]
[SourceTitle "CBM 214 Extra"]
[Source "ChessBase"]
[SourceDate "2023.07.31"]
[SourceVersion "1"]
[SourceVersionDate "2023.07.31"]
[SourceQuality "1"]

1. c4 c5 2. g3 g6 3. Bg2 Bg7 4. Nc3 Nc6 5. d3 e5 6. f4 d6 7. fxe5 Nxe5 8. Nf3 Nxf3+ 9. Bxf3 Ne7 10. Bf4 0-0 11. Qd2 f5 12. h4 h5 13. Nb5 Be5 14. d4 cxd4 15. Nxd4 a6 16. 0-0 Qb6 17. Rfd1 Nc6 18. e3 Bd7 19. Rac1 Rae8 20. Bg2 Re7 21. Bg5 Bf6 22. Bxf6 Rxf6 23. Rc3 Ne5 24. Bd5+ Kh7 25. Rb3 Qc5 26. Rxb7 Nxc4 27. Bxc4 Qxc4 28. Kh2 Qd5 29. Rc7 Rff7 30. Ne2 Qf3 31. Ng1 Qg4 32. Rf1 g5 33. hxg5 h4 34. Rf3 Qxg5 35. Qxd6 f4 36. gxf4 Qg8 37. Rc5 Qg6 38. Rg5 Qe6 39. Qd3+ Kh8 40. Qd4+ Qf6 41. Rh5+ Kg8 42. Qxf6 Rxf6 43. Rxh4 Rg7 44. Rg3 Rxg3 45. Kxg3 Rg6+ 46. Kf2 Rc6 47. Rh2 1-0